[Event "4th Rector Cup"]
[Site "Kharkov UKR"]
[Date "2002.03.26"]
[Round "5"]
[White "Kobalia,M"]
[Black "Eljanov,P"]
[Result "1-0"]
[WhiteElo "2620"]
[BlackElo "2540"]

1.d4 Nf6 2.c4 g6 3.Nc3 d5 4.cxd5 Nxd5 5.e4 Nxc3 6.bxc3 Bg7 7.Bc4 c5 8.Ne2 O-O
9.O-O Nc6 10.Be3 cxd4 11.cxd4 Na5 12.Bd3 b6 13.Qd2 Bb7 14.Bh6 Bxh6 15.Qxh6 Nc6
16.d5 Ne5 17.Rad1 Qd6 18.Bb1 Ba6 19.Rfe1 Rac8 20.Qh4 Kh8 21.Kh1 Qf6 22.Qxf6+ exf6
23.f4 Ng4 24.Rd2 Ne3 25.Nd4 Rfe8 26.Nf3 Rc3 27.h3 Kg7 28.Kg1 Rec8 29.d6 Nc4
30.Rd3 Rxd3 31.Bxd3 b5 32.e5 fxe5 33.fxe5 Rc5 34.Bxc4 bxc4 35.Rd1 Rc8 36.e6 fxe6
37.d7 Rd8 38.Nd4  1-0

[Event "ch-CAN"]
[Site "Richmond CAN"]
[Date "2002.03.27"]
[Round "7"]
[White "Kret,T"]
[Black "Neven,K"]
[Result "0-1"]
[WhiteElo "2096"]
[BlackElo "2265"]

1.d4 Nf6 2.c4 g6 3.Nc3 d5 4.cxd5 Nxd5 5.e4 Nxc3 6.bxc3 Bg7 7.Nf3 c5 8.Rb1 O-O
9.Be2 Nc6 10.d5 Ne5 11.Nxe5 Bxe5 12.Qd2 e6 13.f4 Bc7 14.O-O exd5 15.exd5 Ba5
16.f5 Bxf5 17.Rxb7 Qf6 18.Bb2 Qe5 19.Bf3 c4 20.Re1 Qd6 21.Kh1 Rfe8 22.Rb5 Bb6
23.Rb4 Qf4 24.Bc1 Bc7 25.d6 Bxd6  0-1

[Event "4th Rector Cup"]
[Site "Kharkov UKR"]
[Date "2002.03.28"]
[Round "9"]
[White "Moiseenko,A"]
[Black "Kovchan,A"]
[Result "1-0"]
[WhiteElo "2559"]
[BlackElo "2507"]

1.d4 Nf6 2.c4 g6 3.Nc3 d5 4.cxd5 Nxd5 5.e4 Nxc3 6.bxc3 Bg7 7.Nf3 c5 8.Rb1 O-O
9.Be2 b6 10.O-O Bb7 11.Qd3 Ba6 12.Qe3 Qd7 13.d5 Bxe2 14.Qxe2 Bxc3 15.Bh6 Bg7
16.Bxg7 Kxg7 17.Rfd1 Kg8 18.Rb3 Rc8 19.e5 c4 20.e6 fxe6 21.Ne5 Qe8 22.Nxc4 Na6
23.Qxe6+ Qf7 24.Qg4 Nc5 25.Rf3 Qg7 26.h4 Rf8 27.Re3 Qf6 28.f3 Rad8 29.h5 Kg7
30.Qh3 Rd7 31.Ne5 Rd6 32.hxg6 hxg6 33.Ng4 Qg5 34.Rde1 Rf7 35.Re5 Rf5 36.Rxf5 gxf5
37.Ne3 f4 38.Nf5+ Kg8 39.Re5 Kf8 40.Nxe7 Qg7 41.Qf5+ Qf7 42.Ng6+ Kg7 43.Qg4 Qf6
44.Nxf4+ Kh8 45.Rh5+  1-0

[Event "Suetin Mem"]
[Site "Tula RUS"]
[Date "2002.03.28"]
[Round "6"]
[White "Simantsev,M"]
[Black "Bagirov,R"]
[Result "1/2-1/2"]
[WhiteElo "2383"]
[BlackElo "2471"]

1.d4 Nf6 2.c4 g6 3.Nc3 d5 4.cxd5 Nxd5 5.e4 Nxc3 6.bxc3 Bg7 7.Nf3 O-O 8.Be2 c5
9.O-O cxd4 10.cxd4 Nc6 11.Be3 Bg4 12.Rb1 Bxf3 13.Bxf3 Bxd4 14.Bxd4 Nxd4 15.Rxb7 e5
16.Be2 Qc8 17.Ba6 Qc5 18.Qa4 Rab8 19.Rxb8 Rxb8 20.Bc4 Kg7 21.Qa6 Rb2 22.h3 Rd2
23.Kh1 Rc2 24.Bd5 Rc1 25.Kh2 Rxf1 26.Qxf1 Qc2 27.f4 Qc7 28.Qf2 Qd6 29.Qe3 Qf6
30.g3 h6 31.Kg2 h5 32.h4 Qd6 33.Qc3 Qa6 34.Qd2 Qa3 35.Qf2 f5 36.fxe5 Qd3
37.exf5 Nxf5 38.Be6 Qe4+ 39.Kh2 a5 40.Bxf5 gxf5 41.Qa7+ Kg6 42.Qb6+ Kg7 43.Qf6+ Kh7
44.Qf7+ Kh6 45.Qf8+ Kh7 46.Qe7+ Kg8 47.Qg5+ Kf8 48.Qxh5 Qxe5 49.Qf3 Kg7 50.a4 Kg6
51.Kh3 Qe6 52.Qf4 Qd5 53.Qg5+  1/2-1/2

[Event "Suetin Mem"]
[Site "Tula RUS"]
[Date "2002.03.28"]
[Round "6"]
[White "Ponomarenko,Vi"]
[Black "Petukhov,D"]
[Result "1-0"]
[WhiteElo "2254"]
[BlackElo "2212"]

1.d4 Nf6 2.c4 g6 3.Nc3 d5 4.cxd5 Nxd5 5.e4 Nxc3 6.bxc3 Bg7 7.Nf3 O-O 8.Be3 c5
9.Rc1 Bg4 10.d5 f5 11.Be2 Qa5 12.O-O f4 13.Bd2 Nd7 14.Ng5 Bxe2 15.Qxe2 Ne5
16.f3 c4 17.Ne6 Nd3 18.Nxf8 Qc5+ 19.Kh1 Nxc1 20.Rxc1 Rxf8 21.Be1 b5 22.Bf2 Qa3
23.Qd2 a5 24.Rc2 b4 25.cxb4 c3 26.Qd3 Qxb4 27.Bg1 Rb8 28.g3 Qb1 29.gxf4 Rb2
30.d6 exd6 31.Qd5+ Kf8 32.Qxd6+ Ke8 33.Qe6+ Kf8 34.Qc8+ Ke7 35.Qc7+ Ke8 36.e5 Rxc2
37.e6 Rxh2+ 38.Kxh2 Qxa2+ 39.Kg3 Qxe6 40.Qxg7 c2 41.Qc3 Qe2 42.Qh8+ Kd7 43.Qxh7+ Qe7
44.Qxe7+ Kxe7 45.Be3 a4 46.Kf2 Kd6 47.Bc1 Kc5 48.Ke3 Kc4 49.Kd2 Kb3 50.Kd3 a3
51.Bxa3 Kxa3 52.Kxc2 Kb4 53.Kd3 Kc5 54.Ke4 Kd6 55.f5 g5 56.f6 Ke6 57.f7 Kxf7
58.Kf5 g4 59.fxg4 Kg7 60.Kg5 Kh7 61.Kf6 Kh6 62.g5+ Kh7 63.Kf7 Kh8 64.Kg6 Kg8  1-0

[Event "6th Neckar Open"]
[Site "Deizisau GER"]
[Date "2002.03.29"]
[Round "2"]
[White "Haba,P"]
[Black "Goriachnik,D"]
[Result "1-0"]
[WhiteElo "2496"]
[BlackElo "2230"]

1.d4 Nf6 2.c4 g6 3.Nc3 d5 4.cxd5 Nxd5 5.e4 Nxc3 6.bxc3 Bg7 7.Nf3 c5 8.Rb1 O-O
9.Be2 cxd4 10.cxd4 Qa5+ 11.Bd2 Qxa2 12.O-O a5 13.Bg5 a4 14.Bxe7 Re8 15.Bd6 Rxe4
16.Rc1 Nc6 17.Bc4 Qb2 18.Rb1 Qc3 19.Bxf7+ Kh8 20.Bd5 Re8 21.Ng5 h6 22.Bf7 Bf5
23.Bxe8 hxg5 24.Rc1 Qxd4 25.Bxc6 bxc6 26.Ba3 Qb6 27.Re1 Bd4 28.Qd2 Rd8 29.Qxg5 Bxf2+
30.Kh1 Bxe1 31.Rxe1 Rd7 32.Qh6+  1-0

[Event "ch-CAN"]
[Site "Richmond CAN"]
[Date "2002.03.29"]
[Round "9"]
[White "Roussel Roozmon,T"]
[Black "Neven,K"]
[Result "1/2-1/2"]
[WhiteElo "2140"]
[BlackElo "2265"]

1.d4 Nf6 2.c4 g6 3.Nc3 d5 4.cxd5 Nxd5 5.e4 Nxc3 6.bxc3 Bg7 7.Nf3 c5 8.Be3 Qa5
9.Qd2 Nc6 10.Rc1 cxd4 11.cxd4 Qxd2+ 12.Kxd2 O-O 13.d5 Rd8 14.Ke1 Na5 15.Bg5 Kf8
16.Bd3 b6 17.Ke2 f6 18.Bd2 f5 19.Ng5 h6 20.Ne6+ Bxe6 21.dxe6 Rd6 22.Bxa5 bxa5
23.exf5 Rad8 24.Rhd1 gxf5 25.Bxf5 Rxd1 26.Rxd1 Rxd1 27.Kxd1 Bd4 28.Ke2 Kg7
29.Bd3 Kf6 30.Bc4 Bc5 31.Kf3 a4 32.Kg3 Bd6+ 33.Kg4 Bc5 34.Kf3 Bb6 35.h4 Ba5
36.g3 Kf5 37.g4+ Ke5 38.Kg3 Bd2 39.Kf3  1/2-1/2

[Event "6th Neckar Open"]
[Site "Deizisau GER"]
[Date "2002.03.30"]
[Round "4"]
[White "Schenk,Andreas"]
[Black "Ftacnik,L"]
[Result "1/2-1/2"]
[WhiteElo "2447"]
[BlackElo "2574"]

1.d4 Nf6 2.c4 g6 3.Nc3 d5 4.cxd5 Nxd5 5.e4 Nxc3 6.bxc3 Bg7 7.Nf3 c5 8.Bb5+ Nd7
9.O-O O-O 10.a4 a6 11.Bc4 Nf6 12.Qe2 Bg4 13.Rd1 cxd4 14.cxd4 Rc8 15.Ba2 b5
16.axb5 axb5 17.h3 Bxf3 18.Qxf3 b4 19.e5  1/2-1/2

[Event "New White Plus GM open"]
[Site "Dhaka BAN"]
[Date "2002.03.30"]
[Round "1"]
[White "Rahman,Tai"]
[Black "Goloshchapov,A"]
[Result "1/2-1/2"]
[WhiteElo "2264"]
[BlackElo "2545"]

1.d4 Nf6 2.c4 g6 3.Nc3 d5 4.cxd5 Nxd5 5.e4 Nxc3 6.bxc3 Bg7 7.Nf3 c5 8.Bb5+ Nd7
9.O-O O-O 10.Bg5 a6 11.Bd3 b5 12.a4 Bb7 13.axb5 axb5 14.Rxa8 Bxa8 15.Bxb5 cxd4
16.Nxd4 Bxe4 17.Ne6 fxe6 18.Qxd7 Qxd7 19.Bxd7 Bd5 20.Bb5  1/2-1/2

[Event "New White Plus GM open"]
[Site "Dhaka BAN"]
[Date "2002.03.30"]
[Round "1"]
[White "Johannessen,LE"]
[Black "Hasan,K"]
[Result "1-0"]
[WhiteElo "2427"]
[BlackElo "2201"]

1.d4 Nf6 2.c4 g6 3.Nc3 d5 4.cxd5 Nxd5 5.e4 Nxc3 6.bxc3 Bg7 7.Nf3 c5 8.Rb1 O-O
9.Be2 Nc6 10.d5 Ne5 11.Nxe5 Bxe5 12.Rb3 e6 13.f4 Bc7 14.c4 Ba5+ 15.Bd2 exd5
16.cxd5 Qh4+ 17.Rg3 Bxd2+ 18.Qxd2 Bd7 19.O-O b5 20.Bd3 c4 21.Bc2 Qf6 22.f5 Qd6
23.Qh6 Rfe8 24.Rh3 Qb6+ 25.Kh1 Qf6 26.Qxh7+ Kf8 27.e5  1-0

[Event "IDJM"]
[Site "Augsburg GER"]
[Date "2002.04.07"]
[Round "7"]
[White "Schenk,Andreas"]
[Black "Bromberger,S"]
[Result "1/2-1/2"]
[WhiteElo "2447"]
[BlackElo "2407"]

1.d4 Nf6 2.c4 g6 3.Nc3 d5 4.cxd5 Nxd5 5.e4 Nxc3 6.bxc3 Bg7 7.Be3 c5 8.Bb5+ Nc6
9.Nf3 O-O 10.O-O Bg4 11.d5 Ne5 12.Be2 Nxf3+ 13.Bxf3 Bxf3 14.Qxf3 Bxc3 15.Rab1 b6
16.Bxc5 Be5  1/2-1/2

[Event "IDJM"]
[Site "Augsburg GER"]
[Date "2002.04.08"]
[Round "9"]
[White "Schenk,Andreas"]
[Black "Baramidze,D"]
[Result "1/2-1/2"]
[WhiteElo "2447"]
[BlackElo "2328"]

1.d4 Nf6 2.c4 g6 3.Nc3 d5 4.cxd5 Nxd5 5.e4 Nxc3 6.bxc3 Bg7 7.Nf3 c5 8.Be3 O-O
9.Be2 cxd4 10.cxd4 e6 11.O-O b6 12.Qd3 Ba6 13.Qc2 Bb7 14.Rad1 Nc6 15.d5 exd5
16.exd5 Nb4 17.Qb3 Qd6 18.Bc4 Rad8 19.Bc1  1/2-1/2

[Event "ch-MGL"]
[Site "Ulaanbaatar MGL"]
[Date "2002.04.10"]
[Round "12"]
[White "Sharavdorj,D"]
[Black "Lhagvasuren,C"]
[Result "1-0"]
[WhiteElo "2425"]
[BlackElo "2342"]

1.d4 Nf6 2.c4 g6 3.Nc3 d5 4.cxd5 Nxd5 5.e4 Nxc3 6.bxc3 Bg7 7.Nf3 c5 8.Rb1 cxd4
9.cxd4 O-O 10.Be2 b6 11.O-O Ba6 12.d5 Bxe2 13.Qxe2 Nd7 14.Bb2 Rc8 15.Bxg7 Kxg7
16.Nd4 Nc5 17.Rbd1 Qd7 18.Qe3 Rfe8 19.f4 Kg8 20.f5 Qd6 21.Nc6 Nd7 22.e5 Qc5
23.Rd4 Rxc6 24.dxc6 Qxc6 25.e6 Nf6 26.exf7+ Kxf7 27.fxg6+ hxg6 28.Rh4 Qc5
29.Qxc5 bxc5 30.Ra4 Rc8 31.Rxa7 c4 32.Re1  1-0

[Event "FSGMA April"]
[Site "Budapest HUN"]
[Date "2002.04.12"]
[Round "11"]
[White "Markus,R"]
[Black "Flumbort,A"]
[Result "1/2-1/2"]
[WhiteElo "2470"]
[BlackElo "2436"]

1.d4 Nf6 2.c4 g6 3.Nc3 d5 4.cxd5 Nxd5 5.e4 Nxc3 6.bxc3 Bg7 7.Nf3 c5 8.Be3 Qa5
9.Qd2 Bg4 10.Rc1 Bxf3 11.gxf3 e6 12.Rb1 cxd4 13.cxd4 Qxd2+ 14.Kxd2 Nc6  1/2-1/2

[Event "FSGMA April"]
[Site "Budapest HUN"]
[Date "2002.04.12"]
[Round "11"]
[White "Kallio,H"]
[Black "Horvath,Cs"]
[Result "1/2-1/2"]
[WhiteElo "2522"]
[BlackElo "2542"]

1.d4 Nf6 2.c4 g6 3.Nc3 d5 4.cxd5 Nxd5 5.e4 Nxc3 6.bxc3 Bg7 7.Bb5+ c6 8.Ba4 O-O
9.Ne2 c5 10.d5 e6 11.O-O exd5 12.exd5 a6 13.Be3 b5 14.Bc2 Nd7 15.a4 Bb7 16.Rb1 Re8
17.axb5 axb5 18.Bd3 Bxd5 19.Bxb5 Be6 20.Qc1  1/2-1/2

[Event "Open"]
[Site "Dubai UAE"]
[Date "2002.04.15"]
[Round "1"]
[White "Kainz,J"]
[Black "Vokarev,S"]
[Result "0-1"]
[WhiteElo "2068"]
[BlackElo "2507"]

1.d4 Nf6 2.c4 g6 3.Nc3 d5 4.cxd5 Nxd5 5.e4 Nxc3 6.bxc3 Bg7 7.Bc4 Qd7 8.Nf3 Nc6
9.O-O O-O 10.Be3 Na5 11.Bd3 b6 12.Rc1 Bb7 13.Qe2 e6 14.Ne5 Qe7 15.f4 f6 16.Nf3 c5
17.Rfe1 cxd4 18.cxd4 Rac8 19.Bd2 Qa3 20.f5 exf5 21.exf5 g5 22.Bxa5 Rxc1 23.Bc4+ Kh8
24.Bb4 Qxb4 25.Rxc1 g4 26.Ne1 Rc8 27.Nd3 Qa5 28.Rc2 Qa4 29.Nb2 Qb4 30.Nd3 Qa4
31.Nb2 Qa5 32.Qe6 Qb4 33.Re2 Qc3 34.d5 Qc1+ 35.Kf2 Qf4+ 36.Kg1 Qd4+ 37.Kf1 h5
38.d6  0-1

[Event "chJ-POL b20"]
[Site "Trzebinia POL"]
[Date "2002.04.16"]
[Round "6"]
[White "Jedynak,R"]
[Black "Slaby,J"]
[Result "1-0"]
[WhiteElo "2416"]
[BlackElo "2305"]

1.d4 Nf6 2.c4 g6 3.Nc3 d5 4.cxd5 Nxd5 5.e4 Nxc3 6.bxc3 Bg7 7.Nf3 c5 8.Be3 Qa5
9.Qd2 Bg4 10.Rb1 a6 11.Rxb7 Nc6 12.Bc4 Bxf3 13.gxf3 cxd4 14.cxd4 Qxd2+ 15.Kxd2 Nxd4
16.f4 Nf5 17.Ra7 Rxa7 18.Bxa7 Nd6 19.Bd3 Kd7 20.Rb1 Bh6 21.Be3 Rc8 22.Rb4 a5
23.Ra4 Ra8 24.e5 Nf5 25.Be4 Rb8 26.Bxf5+ gxf5 27.Rxa5 Rb4 28.a3 Rb1 29.Ra7+ Ke8
30.Ke2 Rh1 31.a4 Rxh2 32.a5 Rh4 33.a6 Bxf4 34.Bxf4 Rxf4 35.Rb7  1-0

[Event "Open"]
[Site "Dubai UAE"]
[Date "2002.04.23"]
[Round "7"]
[White "Omearat,A"]
[Black "Mamedjarova,Z"]
[Result "1-0"]
[WhiteElo "2275"]
[BlackElo "2295"]

1.d4 Nf6 2.c4 g6 3.Nc3 d5 4.cxd5 Nxd5 5.e4 Nxc3 6.bxc3 Bg7 7.Be3 c5 8.Qd2 Qa5
9.Rc1 cxd4 10.cxd4 Qxd2+ 11.Kxd2 O-O 12.Bc4 Rd8 13.Nf3 Nc6 14.Bd5 Bd7 15.Rhd1 e6
16.Bb3 Na5 17.Bf4 Nxb3+ 18.axb3 Bc6 19.Ke3 f6 20.h4 Rd7 21.d5 exd5 22.Nd4 Re8
23.f3 f5 24.e5 Bxe5 25.Bxe5 Rxe5+ 26.Kf4 Re8 27.b4 Rd6 28.b5 Bd7 29.Rc7 Bc8
30.Rdc1 Rdd8 31.h5 gxh5 32.g3 Kh8 33.Ra1 a6 34.bxa6 bxa6 35.Rac1 Bd7 36.Rh1 Rf8
37.Ra7 Bc8 38.Rc1 Rg8 39.Rcc7 Rg6 40.Nc6 Re8 41.Ne7 Be6 42.Nxg6+ hxg6 43.Rh7+ Kg8
44.Kg5 Kf8 45.Rh8+ Bg8 46.Kxg6 Re6+ 47.Kxf5 Re8 48.Rh6 Re3 49.Rf6+ Ke8 50.Rb6 Kf8
51.Rb8+ Re8 52.Rxe8+ Kxe8 53.Kf6  1-0

[Event "Kuban Spring"]
[Site "Krasnodar RUS"]
[Date "2002.04.??"]
[Round "?"]
[White "Malaniuk,V"]
[Black "Gukasian,R"]
[Result "0-1"]
[WhiteElo "2555"]
[BlackElo "2416"]

1.d4 Nf6 2.c4 g6 3.Nc3 d5 4.cxd5 Nxd5 5.e4 Nxc3 6.bxc3 Bg7 7.Qa4+ Nd7 8.Nf3 O-O
9.Bg5 h6 10.Be3 c5 11.Rc1 Nf6 12.Bd3 e6 13.O-O Bd7 14.Qc2 Qa5 15.Qb1 Qc7
16.Ne5 Ba4 17.h3 Rfd8 18.Rfe1 Nd7 19.Nf3 e5 20.Qb2 b5 21.Qd2 Kh7 22.h4 Qa5
23.d5 c4 24.Bb1 Qc7 25.Rf1 Nf6 26.Nh2 Qe7 27.f3 Nh5 28.Bf2 a5 29.g3 b4 30.Kg2 b3
31.Ng4 Nf6 32.Ne3 Qc7 33.Bg1 Rab8 34.Qe2 Rdc8 35.f4 bxa2 36.Qxa2 Bb3 37.Qe2 Nh5
38.Bh2 Rf8 39.Ng4 f6 40.f5 Qf7 41.fxg6+ Qxg6 42.Rf5 Kh8 43.Kf2 Ba4 44.Ne3 Be8
45.Nxc4 Rg8 46.g4 Nf4 47.Bxf4 exf4 48.Nd6 Bf8 49.e5 Rb2 50.Bc2 f3 51.Qxf3 Ba4
52.Rxf6 Rxc2+ 53.Rxc2 Qxc2+ 54.Kg3 Bg7 55.Nf7+ Kh7 56.Ng5+ hxg5 57.Rf5 Rc8  0-1

[Event "Capablanca Mem Premier II"]
[Site "Havana CUB"]
[Date "2002.05.09"]
[Round "4"]
[White "Almeida,O"]
[Black "Herrera,I"]
[Result "1/2-1/2"]
[WhiteElo "2484"]
[BlackElo "2474"]

1.d4 Nf6 2.c4 g6 3.Nc3 d5 4.cxd5 Nxd5 5.e4 Nxc3 6.bxc3 Bg7 7.Nf3 c5 8.Be3 Qa5
9.Qd2 Nc6 10.Rc1 cxd4 11.cxd4 Qxd2+ 12.Kxd2 O-O 13.d5 Rd8 14.Ke1 Na5 15.Bg5 Bd7
16.Bd3 Rdc8 17.Ke2 e6 18.Bd2 b6 19.Ba6 Rd8 20.dxe6 Bxe6 21.Rc2 h6 22.Rhc1 g5
23.Bxa5  1/2-1/2

[Event "Croatian Cup"]
[Site "Pula CRO"]
[Date "2002.05.09"]
[Round "3"]
[White "Vlaic,B"]
[Black "Podobnik,M"]
[Result "1/2-1/2"]
[WhiteElo "2250"]
[BlackElo "2296"]

1.d4 Nf6 2.c4 g6 3.Nc3 d5 4.cxd5 Nxd5 5.e4 Nxc3 6.bxc3 Bg7 7.Be3 c5 8.Nf3 Qa5
9.Qd2 O-O 10.Rc1 cxd4 11.cxd4 Qxd2+ 12.Kxd2 Rd8 13.Bb5 Bg4 14.Rc7 Bxf3 15.gxf3 Nc6
16.d5 e6 17.Rxb7 Nd4 18.Bxd4 Bxd4 19.Bc4 e5 20.Ke2 Rac8 21.Bb3 Rd6 22.Rd1 Kg7
23.f4 Re8 24.Kf3 Rf6 25.Rxd4 exd4 26.Rxa7 g5 27.f5 Rd6 28.Ra4 Kf6 29.Rxd4 Rc8
30.Rb4 Rc3+ 31.Kg2 Ke5 32.Rb7 Kxe4 33.Rxf7 h5 34.f6 Kf5 35.Rh7 Kg6 36.Rh8  1/2-1/2

[Event "52nd ch-RUS w"]
[Site "Elista RUS"]
[Date "2002.05.13"]
[Round "4"]
[White "Shumiakina,T"]
[Black "Druzhinina,O"]
[Result "1-0"]
[WhiteElo "2366"]
[BlackElo "2261"]

1.d4 Nf6 2.c4 g6 3.Nc3 d5 4.cxd5 Nxd5 5.e4 Nxc3 6.bxc3 Bg7 7.Bb5+ c6 8.Ba4 O-O
9.Ne2 c5 10.O-O Qa5 11.Be3 Rd8 12.Rb1 a6 13.Bb3 Nd7 14.Qc1 Nb6 15.Rd1 c4
16.Bc2 Nd7 17.a4 Re8 18.Qd2 Nf6 19.d5 Nd7 20.f4 Nc5 21.Rb4 Bd7 22.Rdb1 Rec8
23.Rxc4 Nxa4 24.Bxa4 Rxc4 25.Bxd7 b5 26.e5 Rd8 27.Bg4 b4 28.cxb4 Qxd5 29.Qxd5 Rxd5
30.Bf3 Rb5 31.Nd4 Rbxb4 32.Rd1 Bf8 33.Nc6 Rb2 34.Bd5 Rcc2 35.e6 f6 36.Bf3 Kg7
37.h4 Rb3 38.Nd4 Rxe3 39.Nxc2 Rxe6 40.Nb4 Rb6 41.Nc6 e6 42.Kh2 Rb7 43.Rd8 Rc7
44.Ra8 Bd6 45.g3 Rd7 46.Rxa6 Bc5 47.Ra2 h6 48.Kg2 g5 49.fxg5 hxg5 50.hxg5 fxg5
51.Ne5 Rd8 52.Rb2 Kf6 53.Ng4+ Kf5 54.Rb5 Rc8 55.Rb7 Rf8 56.Rb5 Rc8 57.Nf2 Kg6
58.Rb7 Bxf2 59.Kxf2 Rc3 60.Rb6 Kf6 61.Bd5 Ke5 62.Bxe6 Ra3 63.Kg2 Ra4 64.Kh3 Rd4
65.Bg4 Rd5 66.Re6+ Kd4 67.Bf3  1-0

[Event "9th RUS-chT"]
[Site "Ekaterinburg RUS"]
[Date "2002.05.17"]
[Round "1"]
[White "Sherbakov,R"]
[Black "Semeniuk,Al"]
[Result "1-0"]
[WhiteElo "2549"]
[BlackElo "2464"]

1.d4 Nf6 2.c4 g6 3.Nc3 d5 4.cxd5 Nxd5 5.e4 Nxc3 6.bxc3 Bg7 7.Be3 c5 8.Nf3 Qa5
9.Bd2 O-O 10.Be2 Bg4 11.O-O e6 12.a4 Nc6 13.Rb1 cxd4 14.cxd4 Qd8 15.Bg5 Qd7
16.d5 exd5 17.exd5 Bxf3 18.Bxf3 Nd4 19.Rb4 Nxf3+ 20.Qxf3 Rfe8 21.Rd1 Rac8
22.h3 Bc3 23.Rb3 Be5 24.Bf4 Qxa4 25.Bxe5 Rxe5 26.d6 Qc6 27.Rc3 Rc5 28.Rxc5 Qxc5
29.Qxb7 a5 30.Qe7 Rb8 31.Qc7  1-0

[Event "9th RUS-chT"]
[Site "Ekaterinburg RUS"]
[Date "2002.05.18"]
[Round "2"]
[White "Tunik,G"]
[Black "Smikovski,I"]
[Result "1-0"]
[WhiteElo "2491"]
[BlackElo "2497"]

1.d4 Nf6 2.c4 g6 3.Nc3 d5 4.cxd5 Nxd5 5.e4 Nxc3 6.bxc3 Bg7 7.Ba3 Nd7 8.Nf3 c5
9.Qb3 O-O 10.Be2 a6 11.O-O b5 12.Rad1 Qc7 13.Rfe1 Bb7 14.Bf1 Rac8 15.h3 e6
16.d5 exd5 17.exd5 c4 18.Qc2 Rfe8 19.Qd2 Qb6 20.Be7 Nf6 21.d6 Nd7 22.Ng5 h6
23.Nxf7 Kxf7 24.Qf4+ Nf6 25.Bxf6 Bxf6 26.d7 Rxe1 27.dxc8=Q Rxf1+ 28.Kxf1 Bxc8
29.Rd6  1-0

[Event "4th Borowski GM"]
[Site "Essen GER"]
[Date "2002.05.18"]
[Round "3"]
[White "Zvjaginsev,V"]
[Black "Leko,P"]
[Result "1/2-1/2"]
[WhiteElo "2645"]
[BlackElo "2707"]

1.c4 g6 2.d4 Nf6 3.Nc3 d5 4.cxd5 Nxd5 5.e4 Nxc3 6.bxc3 Bg7 7.Qa4+ Nd7 8.Nf3 O-O
9.Bg5 c5 10.Rb1 h6 11.Be3 a6 12.Qa3 cxd4 13.cxd4 Nf6 14.Bd3 Ng4 15.O-O Nxe3
16.fxe3 b6 17.e5 Bb7 18.Qb4 b5  1/2-1/2

[Event "Open A"]
[Site "Ostrava CZE"]
[Date "2002.05.18"]
[Round "1"]
[White "Garlik,M"]
[Black "Smistik,M"]
[Result "1/2-1/2"]
[WhiteElo "2078"]
[BlackElo "2238"]

1.d4 Nf6 2.c4 g6 3.Nc3 d5 4.cxd5 Nxd5 5.e4 Nxc3 6.bxc3 Bg7 7.Bc4 O-O 8.Ne2 c5
9.O-O Nc6 10.Be3 Bg4 11.f3 Na5 12.Bxf7+ Rxf7 13.fxg4 Rxf1+ 14.Kxf1 cxd4 15.cxd4 e5
16.Kg1 Rc8 17.d5 Nc4 18.Bf2 Nd6 19.Qd3 Qa5 20.Be3 Rc4 21.Ng3 Rc3 22.Qe2 Nc4
23.Bf2 Bh6 24.g5 Bxg5 25.Qg4 Qd8 26.Ne2 Rc2 27.h4 Bh6 28.h5 Kg7 29.Ng3 Rxf2
30.Kxf2 Qb6+ 31.Ke1 Qb4+ 32.Kf2 Qb2+ 33.Qe2 Qd4+ 34.Kf3 Nd2+ 35.Kg4 Qxa1
36.Qb5 Qd1+ 37.Kh3 Bf4 38.Qd7+ Kf6 39.Qd6+ Kg5 40.Qe7+ Kh6 41.Qf8+  1/2-1/2

[Event "4th Borowski C"]
[Site "Essen GER"]
[Date "2002.05.19"]
[Round "4"]
[White "Kiseleva,N"]
[Black "Baramidze,D"]
[Result "0-1"]
[WhiteElo "2373"]
[BlackElo "2321"]

1.d4 Nf6 2.c4 g6 3.Nc3 d5 4.cxd5 Nxd5 5.e4 Nxc3 6.bxc3 Bg7 7.Be3 c5 8.Qd2 O-O
9.Nf3 cxd4 10.cxd4 Nc6 11.Rc1 e6 12.Be2 Ne7 13.Bh6 b6 14.h4 Bb7 15.Bxg7 Kxg7
16.Qf4 Rc8 17.Rxc8 Qxc8 18.h5 Qc3+ 19.Kf1 Rc8 20.Qe5+ Kf8 21.Ne1 Qd2 22.hxg6 Rc1
23.Qb8+ Bc8 24.g7+ Kg8  0-1

[Event "3rd EIWCh"]
[Site "Varna BUL"]
[Date "2002.05.29"]
[Round "3"]
[White "Doncheva,M"]
[Black "Krupkova,P"]
[Result "0-1"]
[WhiteElo "2077"]
[BlackElo "2293"]

1.d4 Nf6 2.c4 g6 3.Nc3 d5 4.cxd5 Nxd5 5.e4 Nxc3 6.bxc3 Bg7 7.Bc4 O-O 8.Ne2 c5
9.Be3 Nc6 10.O-O Qc7 11.Rc1 Rd8 12.Qd2 Qa5 13.Qb2 cxd4 14.cxd4 e6 15.Rfd1 a6
16.Bb3 Bd7 17.Rc5 b5 18.Qc1 Bf8 19.Bg5 Rdc8 20.Bf6 Qb6 21.Rc3 Na5 22.Qg5 Rxc3
23.Nxc3 Nxb3 24.axb3 h6 25.Qg3 b4 26.Ne2 Bg7 27.Bxg7 Kxg7 28.Qe5+ f6 29.Qg3 Rc8
30.h4 Qc7 31.Nf4 g5 32.e5 Qc2 33.exf6+ Kxf6 34.Nh5+ Kg6 35.Nf4+ Kf7 36.Re1 gxf4
37.Qxf4+ Qf5 38.Qxh6 Rg8 39.Re5 Qg6 40.Qf4+ Ke8 41.Qf3 Qg4 42.Qa8+ Ke7 43.Rg5 Qd1+  0-1

[Event "3rd EIWCh"]
[Site "Varna BUL"]
[Date "2002.06.01"]
[Round "6"]
[White "Polushkina,S"]
[Black "Bratimirova,D"]
[Result "1-0"]
[WhiteElo "2159"]
[BlackElo "2076"]

1.d4 Nf6 2.c4 g6 3.Nc3 d5 4.cxd5 Nxd5 5.e4 Nxc3 6.bxc3 Bg7 7.Bc4 O-O 8.Ne2 c5
9.O-O Nc6 10.Be3 Qc7 11.Rc1 Rd8 12.Qe1 b6 13.f4 Na5 14.Bd5 Bb7 15.c4 cxd4
16.Nxd4 e6 17.Nb5 Qe7 18.Bxb7 Qxb7 19.e5 Bf8 20.c5 Rd3 21.Nd6 Qd5 22.Rc3 Rxc3
23.Qxc3 Nc6 24.h3 bxc5 25.Bxc5 Ne7 26.Rc1 Nf5 27.Nxf5 Bxc5+ 28.Qxc5 Qxc5+
29.Rxc5 gxf5 30.Ra5 f6 31.exf6 Kf7 32.g4 fxg4 33.hxg4 Kxf6 34.Kf2 h6 35.Kg3 a6
36.Kh4 Kg6 37.Re5 Kf6 38.Kh5 a5 39.a4 Rd8 40.Rxa5 Rd2 41.g5+ hxg5 42.fxg5+ Kg7
43.Ra7+ Kf8 44.Kg6 Rf2 45.a5 e5 46.a6 Rg2 47.Kf6 Rf2+ 48.Kxe5 Re2+ 49.Kf6 Rf2+
50.Kg6 Ra2 51.Ra8+ Ke7 52.a7 Ra6+ 53.Kg7  1-0

[Event "3rd EIWCh"]
[Site "Varna BUL"]
[Date "2002.06.07"]
[Round "11"]
[White "Zhukova,N"]
[Black "Matveeva,S"]
[Result "1/2-1/2"]
[WhiteElo "2425"]
[BlackElo "2437"]

1.d4 Nf6 2.c4 g6 3.Nc3 d5 4.cxd5 Nxd5 5.e4 Nxc3 6.bxc3 Bg7 7.Bc4 c5 8.Ne2 Nc6
9.Be3 O-O 10.O-O Bd7 11.Rb1 a6 12.Bd3 cxd4 13.cxd4 b5 14.Qb3  1/2-1/2

[Event "Panam U20w"]
[Site "La Paz BOL"]
[Date "2002.06.10"]
[Round "5"]
[White "Duran,L"]
[Black "Tsai,C"]
[Result "0-1"]
[WhiteElo "2062"]
[BlackElo "2197"]

1.d4 Nf6 2.c4 g6 3.Nc3 d5 4.cxd5 Nxd5 5.e4 Nxc3 6.bxc3 Bg7 7.Bb5+ c6 8.Ba4 O-O
9.Be3 c5 10.Ne2 Qc7 11.O-O Rd8 12.Rc1 a6 13.Qd2 b5 14.Bb3 Bb7 15.f3 Nc6 16.Rfd1 Na5
17.Bh6 Qb6 18.Bxg7 Kxg7 19.Qf4 Nxb3 20.axb3 cxd4 21.Qe5+ Qf6 22.Qxf6+ Kxf6
23.Nxd4 Rac8 24.b4 e5 25.Ne2 Ke7 26.Kf2 f5 27.exf5 gxf5 28.Rxd8 Rxd8 29.f4 exf4
30.Nxf4 Kf6 31.g3 Rd2+ 32.Ne2 Be4 33.Ra1 Rd6 34.Nd4 Ke5 35.Ke3 Rh6 36.Ra2 Rh3
37.Rxa6 f4+ 38.Kf2 Rxh2+ 39.Kg1 fxg3 40.Re6+ Kd5 41.Rxe4 Kxe4 42.Nxb5 Rc2
43.c4 h5 44.c5 h4 45.Na3 Ra2 46.Nb5 Kd3 47.c6 h3  0-1

[Event "3rd IECC"]
[Site "Batumi GEO"]
[Date "2002.06.13"]
[Round "2"]
[White "Bae,T"]
[Black "Arman,D"]
[Result "1-0"]
[WhiteElo "2314"]
[BlackElo "2119"]

1.d4 Nf6 2.c4 g6 3.Nc3 d5 4.cxd5 Nxd5 5.e4 Nxc3 6.bxc3 Bg7 7.Nf3 O-O 8.Be2 c5
9.O-O cxd4 10.cxd4 Bg4 11.Be3 Nc6 12.d5 Ne5 13.Nxe5 Bxe2 14.Qxe2 Bxe5 15.Rab1 Qd7
16.Rfd1 Rfc8 17.f4 Bd6 18.Qb5 Qxb5 19.Rxb5 b6 20.e5 Ba3 21.f5 gxf5 22.d6 exd6
23.exd6 Bc5 24.Kf2 f4 25.Bxc5 Rxc5 26.Rxc5 bxc5 27.Kf3 Kf8 28.Ke4 Ke8 29.Kd5 Kd7
30.Re1 Re8 31.Rxe8 Kxe8 32.Kxc5 Kd7 33.Kd5 Kd8 34.Kc6 Kc8 35.a4 h5 36.h4 f6
37.a5 f5 38.a6 f3 39.gxf3 f4 40.Kd5 Kd8 41.Ke4 Kd7 42.Ke5  1-0

[Event "Open"]
[Site "Lido Estensi ITA"]
[Date "2002.06.15"]
[Round "8"]
[White "Groffen,H"]
[Black "Dubois,M"]
[Result "1/2-1/2"]
[WhiteElo "2230"]
[BlackElo "2040"]

1.d4 Nf6 2.c4 g6 3.Nc3 d5 4.cxd5 Nxd5 5.e4 Nxc3 6.bxc3 Bg7 7.Be3 c5 8.Nf3 Nc6
9.Qd2 cxd4 10.cxd4 Qa5 11.Rc1 Qxd2+ 12.Kxd2 O-O 13.Bb5 e6 14.Bxc6 bxc6 15.Rc5 f5
16.exf5 exf5 17.Bf4 Rd8 18.Kc3 Be6  1/2-1/2

[Event "3rd IECC"]
[Site "Batumi GEO"]
[Date "2002.06.16"]
[Round "5"]
[White "Zhukova,N"]
[Black "Yegiazarian,A"]
[Result "1/2-1/2"]
[WhiteElo "2425"]
[BlackElo "2567"]

1.d4 Nf6 2.c4 g6 3.Nc3 d5 4.cxd5 Nxd5 5.e4 Nxc3 6.bxc3 Bg7 7.Bc4 O-O 8.Ne2 b6
9.O-O Nc6 10.Bg5 Na5 11.Bd3 c5 12.d5 Qd7 13.Rb1 c4 14.Bc2 e5 15.Qd2 Nb7 16.Ng3 Nd6
17.a4 f6 18.Be3 Bb7 19.f4 Bh6 20.f5 Bxe3+ 21.Qxe3 Qe7 22.Rf2 Bc8 23.fxg6 hxg6
24.Rbf1 Bd7 25.Bd1 Qg7 26.h4 Rae8 27.h5 f5 28.h6 Qf6 29.exf5 gxf5 30.Nh5 Qg6
31.Ng7 Re7 32.Bc2 Rf6 33.Ne6 Bxe6 34.Qxe5 Qxh6 35.Rf3 Nf7 36.Qb8+ Kg7 37.dxe6 Ng5
38.Rxf5 Rexe6 39.Rxf6 Rxf6 40.Qe5 Nf7 41.Qd4 Qg5 42.Rf5 Qc1+ 43.Bd1 Qh6 44.Be2 Nd6
45.Rf3 Qc1+ 46.Rf1 Qg5 47.Rf3 Nf5 48.Qe5 Qc1+ 49.Bf1 Kg6 50.Qe8+ Kg7 51.Qe5 Kg6
52.Qe8+ Kg7 53.Qe5 Kg6  1/2-1/2